| 000 | 00000nam 2200000za 4500 |
| 001 | 9.840191 |
| 003 | CaOODSP |
| 005 | 20221107151801 |
| 007 | cr ||||||||||| |
| 008 | 170724s2017 onc #o f000 0 fre d |
| 040 | |aCaOODSP|bfre |
| 043 | |an-cn--- |
| 086 | 1 |aA93-48/2017F-PDF |
| 245 | 00|aConsultation sur les frais d’utilisation et avis de proposition préliminaire |h[ressource électronique]. |
| 260 | |a[Ottawa] : |bCommission canadienne des grains, |c2017. |
| 300 | |a52 p. |
| 500 | |a« Mars 2017. » |
| 500 | |aTitre pris sur la couv. |
| 500 | |aPubl. aussi en anglais sous le titre : User fees consultation and pre-proposal notification. |
| 500 | |aÉgalement publ. en format HTML. |
| 520 | |a« La Commission canadienne des grains propose d’apporter des modifications à ses frais d’utilisation et à ses normes de service. Dans le cadre de notre engagement à l’égard de l’amélioration continue et de la prestation de services utiles et économiques, nous vous consultons concernant les changements proposés. » -- Introduction, p. 4. |
| 692 | 07|2gccst|aFrais |
| 692 | 07|2gccst|aNorme |
| 692 | 07|2gccst|aGrain |
| 710 | 2 |aCommission canadienne des grains. |
| 775 | 08|tUser fees consultation and pre-proposal notification |w(CaOODSP)9.840189 |
| 856 | 40|qPDF|s462 Ko|uhttps://publications.gc.ca/collections/collection_2017/ccg-cgc/A93-48-2017-fra.pdf |
| 856 | 4 |qHTML|sN/A|uhttps://www.grainscanada.gc.ca/consultations/2017/user-fees-17-fr.htm |